Jiming Chen

N/A


Categories

Fine Arts - Music3300753774.1702
Science - Physics06006079105.5000
RMP - Philosophy2100402258.6711
Literature - American12003540102.6701
Literature - World and Miscellaneous1200352277.6701
Science - Biology03003082104.0000
Fine Arts - Opera2000304256.0011
History - American1100251466.0011
Literature - British02002087113.0000
Science - Computer Science0200205374.5000
Science - Math0200206795.5000
Science - Chemistry020020103104.5000
RMP - World Mythology1000156262.0000
Current Events - World1000155454.0001
Geography - United States1000155151.0000
Social Science - Psychology010010107107.0000
Fine Arts - Architecture0100109696.0000
Fine Arts - Jazz010010119119.0000
Geography - Europe0100107676.0000
History - World0100109292.0000
Literature - European0100107878.0000
Other - Other Academic and General Knowledge0100108484.0000
RMP - Christian Practice010010104104.0000
RMP - Islam010010118118.0000
Science - Earth0100106060.0011
Social Science - Linguistics0100108989.0000
Fine Arts - Painting000000.0000
Social Science - Other000000.0000
Fine Arts - Miscellaneous000000.0000
Fine Arts - Ballet/Dance000000.0000
Current Events - U.S.000000.0000
RMP - Greco-Roman Mythology000000.0000
History - European000000.0000

Buzzes

History - Americanincandescent lightbulb2014
RMP - PhilosophyBertrand Russell2022
Literature - World and MiscellaneousIsabel Allende2022
Fine Arts - Musicfive025
Social Science - Psychologystrangers025
Other - Other Academic and General Knowledgeastronaut034
Science - Computer Sciencepasswords037
Fine Arts - MusicJean Sibelius2037
Literature - AmericanGeorge2040
Fine Arts - OperaThe Barber of Seville2042